Discurso de metafísica. Sistema de la naturaleza. El entendimiento humano. Monadología. Principios de la naturaleza y la gracia

সংরক্ষণ করুন:
গ্রন্থ-পঞ্জীর বিবরন
প্রধান লেখক: Leibniz, Godofredo Guillermo
বিন্যাস: গ্রন্থ
প্রকাশিত: México Editorial Porrúa 1991
সংস্করন:3 edición
মালা:(Sepan cuántos...; 321)
বিষয়গুলি:
ট্যাগগুলো: ট্যাগ যুক্ত করুন
কোনো ট্যাগ নেই, প্রথমজন হিসাবে ট্যাগ করুন!

MARC

LEADER 00000nam a22000007a 4500
020 |a 968432940-7 
100 |a Leibniz, Godofredo Guillermo 
245 |a Discurso de metafísica. Sistema de la naturaleza. El entendimiento humano. Monadología. Principios de la naturaleza y la gracia 
250 |a 3 edición 
260 |a México  |b Editorial Porrúa  |c 1991 
300 |a 410 páginas 
490 |a (Sepan cuántos...; 321) 
500 |a Contiene: índice Estudio introductivo y análsis de la obras 
650 0 |a FILOSOFÍA ALEMANA  |9 92 
650 0 |a METAFÍSICA  |9 239 
650 0 |a FILOSOFÍA DE LA RELIGIÓN  |9 304 
650 0 |a ENTENDIEMIENTO HUMANA 
650 0 |a SISTEMA DE LA NATURALEZA 
650 0 |a MÓNADA 
650 0 |a GRACIA 
942 |c 15 D 
999 |c 30932  |d 30932